[Event "zonal 1.8"]
[Site "Minsk BLR"]
[Date "2000.06.08"]
[Round "13"]
[White "Kupreichik, Viktor"]
[Black "Khruschiov, Alexei"]
[Result "1-0"]
[WhiteElo "2480"]
[BlackElo "2281"]
[EventDate "2000.05.26"]
[PlyCount "49"]

1.c4 g6 2.Nc3 Bg7 3.g3 d6 4.Bg2 e5 5.Nf3 f5 6.O-O Nf6 7.d3 O-O 8.b4 e4 9.
Nd4 c5 10.Nc2 Nc6 11.b5 Ne5 12.dxe4 fxe4 13.Nxe4 Nxc4 14.Bg5 Be6 15.Ne3 
Qd7 16.Nxf6+ Bxf6 17.Bxf6 Rxf6 18.Nd5 Rf7 19.Nf4 Nb6 20.Nxe6 Qxe6 21.a4 
Re8 22.a5 Nc8 23.Bd5 Qxe2 24.Bxf7+ Kxf7 25.Qd5+ 1-0